Statistiche per Autostrada A3 Napoli-Salerno

Clicka qui per fare il quiz!

Statistiche generali

  • Questo quiz è stato fatto 120 volte
  • Il punteggio medio è 11 su 25

Statistiche sulle risposte

TipologiaIndicazioneKm% Corretto
UscitaTorre del Greco11.5
80%
UscitaSalerno51.6
79%
UscitaPortici - Ercolano8.5
78%
UscitaErcolano Scavi9.5
73%
UscitaCastellammare di Stabia22.5
62%
UscitaNocera Inferiore36.6
61%
UscitaVietri sul Mare48.4
56%
UscitaPompei Est - Scafati25.0
55%
UscitaCava De' Tirreni42.9
54%
UscitaPortici8.0
54%
UscitaAngri29.7
52%
UscitaBoscoreale21.0
43%
UscitaSan Giorgio a Cremano (Centro)7.5
43%
UscitaTorre Annunziata Nord15.0
42%
UscitaTorre Annunziata Sud20.0
40%
UscitaSan Giorgio a Cremano Sud (Ponticelli - Via Manzoni)6.4
37%
BivioA1 - E45 - Caserta4.0
36%
UscitaPompei Ovest21.9
30%
BivioVia Marina - Porto1.0
30%
UscitaAngri Sud30.3
26%
UscitaSan Giovanni2.6
24%
BivioStazione di Napoli Centrale2.0
22%
Area di ServizioAlfaterna Ovest (Est)40.0
19%
Area di ServizioTorre Annunziata Ovest21.0
13%
UscitaSan Giorgio a Cremano Nord (Via Repubbliche Marinare)5.5
10%

Distribuzione punteggi

Percentile per numero di risposta

Percentuale di utenti per punteggio

I tuoi punteggi nel tempo

Non hai fatto questo quiz